000
00217 a2200097 4500
001
14653
100
_a
Clifford Ellis R
245
_a
Modelling for amateurs
260
_a
London
_b
The studio
_c
090
_c
11439
_d
11439
942
_a
NUST-CAE
_c
M
_c
1602
999
_c
249726
_d
249726